Регионална библиотека "Любен Каравелов" - Русе

Cours de langue francaise (Запис номер 344671)

MARC детайли
000 -Лидер
Контролно поле с фиксирана дължина 00891nam a2200301 c 4500
003 - Код на организацията, давaща контролен номер
Контролно поле BLK
005 - Дата и час на последна редакция
Контролно поле 20190913121314.0
008 - Елементи от данни с фиксирана дължина
fixed length control field 180911b bul|||||r ||||||| ||bul||
010 ## - Наследен системен номер
LC control number 004337
040 ## - Източник на каталожния запис
Идентификатор на билиотеката - собственик на записа BLK
041 ## - Код за език
Код за езика на текст/звукозапис или на отделно заглавие Френски
080 ## - УДК
УДК - код + определител 804.0(075.4)
100 1# - Редна дума - Автор
Автор MAGUET, Ch. et al.
Авторска отговорност първи автор
245 00 - Сведения за заглавието
Заглавие Cours de langue francaise
246 ## - Различни форми на заглавието
Паралелно заглавие Grammaire et exercices analyse. Vocabulaire. Composition francaise.Cours moyen
250 ## - Област на изданието
Сведения за изданието 5. изд
260 ## - Област на издателските данни
Място на издаване, разпространение и проч. Paris
Име на издателя, разпространителя и проч. Libr. Hachette
Година на издаване 1923
300 ## - Физическа характеристика
Страници 254 с
Размери/Мащаб 19 см
380 ## - Жанр
Жанр Езикознание. Филология
490 ## - СЕРИИ (Колекции)
Име на серия Частна колекция - Академик Михаил Арнаудов
Бележки за серията Дарение - Основен фонд
650 ## - Допълнително описание по предмет – тема
Основно описание – тема или топоним Езици
655 ## - Ключова дума – жанр/разновидност
Данни за жанр/разновидност или ключова дума за фокус Езикознание
700 1# - Други автори (авторска отговорност)
Лично име Ch. Maguet
700 1# - Други автори (авторска отговорност)
Лично име L. Flot
700 1# - Други автори (авторска отговорност)
Лично име L. Roy
852 ## - Местоположение
Форматна сигнатура МА 3339
942 ## - АРТИКУЛИ
Вид на библиотечния материал Книги
Скрит в OPAC Не
944 ## - СЪЗДАВАНЕ И РЕДАКЦИЯ на ЗАПИСА
Създаване/Редакция Създаване
Дата на регистрацията/редакция 1994
999 ## - СИСТЕМНИ КОНТРОЛНИ НОМЕРА
Koha biblionumber 344671
Koha biblioitemnumber 344671
Наличности
Код за отписване Код за изгубен артикул Източник на класификационната схема Код за повреда Коз за рестрикции Код за отдаване Артикулен № Име на библиотеката - собственик Име на библиотеката, в която се намира в момента Статус (Текущо местоположение) Местоположение - отдел Цена в лева Номерация (Хронология) Инвентарен номер Систематично азбучна сигнатура Баркод Номер на екземпляра Цена в евро Служебен тип на артикула
  Не е изгубен Universal Decimal Classification Не е повреден без рестрикции ползва се в читалня 745129 Регионална библиотека "Любен Каравелов" Русе Регионална библиотека "Любен Каравелов" Русе Фонд "Михаил Арнаудов" Фонд "Михаил Арнаудов" 70.00   589172 МА 3339 120000589172 1 35.79 Книги
Vip Innovations Ltd, Rousse, Bulgaria 2025